How many cities can you name in Somalia? - Statistics

General Stats
  • This quiz has been taken 112 times
  • The average score is 5 of 24
Answer Stats
Population
Answer % Correct
4,901,000 Mogadishu
98%
1,200,000 Hargeysa
75%
374,000 Berbera
44%
90,000 Kismaayo
37%
750,000 Gaalkacyo
29%
300,000 Beledweyne
24%
350,000 Burco
24%
792,182 Baydhabo
23%
190,000 Boosaaso
20%
499,000 Marka
18%
215,616 Boorama
16%
130,000 Jamaame
15%
60,000 Garoowe
14%
25,000 Laascaanood
14%
115,000 Ceerigaabo
13%
125,000 Jilib
13%
16,000 Jowhar
13%
79,400 Afgooye
11%
30,000 Qardho
11%
60,000 Qoryooley
10%
270,000 Baardheere
9%
200,000 Buurhakaba
7%
35,000 Buuloburde
6%
20,000 Badhan
5%
No matching quizzes found
Score Distribution
Percent of People with Each Score
Percentile by Number Answered
Your Score History
You have not taken this quiz